[Event "ESP-chT2 Gr2"]
[Site "Granada"]
[Date "2010.08.08"]
[Round "6"]
[White "Sanchez Romero, Miguel Andres"]
[Black "Gomez Rebollo, Alfonso Carlos"]
[Result "0-1"]
[WhiteElo "2259"]
[BlackElo "2164"]
[PlyCount "98"]
[EventDate "2010.08.04"]
[EventType "team-tourn"]
[EventRounds "6"]
[EventCountry "ESP"]
[SourceTitle "CBM 137 Extra"]
[Source "ChessBase"]
[SourceDate "2010.09.01"]
[SourceVersion "1"]
[SourceVersionDate "2010.09.01"]
[SourceQuality "1"]

1. e4 c5 2. Nf3 d6 3. Bb5+ Bd7 4. Bxd7+ Qxd7 5. 0-0 Nf6 6. e5 dxe5 7. Nxe5 Qd6 8. Nc4 Qd8 9. b3 e6 10. Bb2 Nc6 11. a4 Be7 12. d3 0-0 13. Nbd2 Qc7 14. f4 Rad8 15. g3 b6 16. Nf3 Nd4 17. Rf2 Ng4 18. Rg2 h5 19. h3 Nf6 20. Nfe5 g6 21. g4 hxg4 22. hxg4 Nd5 23. Qd2 Bf6 24. g5 Bxe5 25. Nxe5 Qxe5 26. fxe5 Nf3+ 27. Kf1 Nxd2+ 28. Rxd2 a5 29. d4 Ne3+ 30. Ke2 cxd4 31. Rc1 Nf5 32. c3 dxc3 33. Rxc3 Rxd2+ 34. Kxd2 Rd8+ 35. Rd3 Rc8 36. Ba3 Kg7 37. Rd7 Rh8 38. Rb7 Rh2+ 39. Kc3 Rh3+ 40. Kc4 Ne3+ 41. Kb5 Nd5 42. Be7 Nxe7 43. Kxb6 Rxb3+ 44. Ka6 Rxb7 45. Kxb7 Kf8 46. Kb6 Ke8 47. Kxa5 Nc6+ 48. Kb6 Nxe5 49. Kc7 Nc4 0-1

[Event "ESP-chT2 Gr2"]
[Site "Granada"]
[Date "2010.08.05"]
[Round "3"]
[White "Rios del Moral, Roberto Neftali"]
[Black "Sanchez Romero, Miguel Andres"]
[Result "1/2-1/2"]
[WhiteElo "2159"]
[BlackElo "2259"]
[PlyCount "85"]
[EventDate "2010.08.04"]
[EventType "team-tourn"]
[EventRounds "6"]
[EventCountry "ESP"]
[SourceTitle "CBM 137 Extra"]
[Source "ChessBase"]
[SourceDate "2010.09.01"]
[SourceVersion "1"]
[SourceVersionDate "2010.09.01"]
[SourceQuality "1"]

1. d4 Nf6 2. Bf4 d5 3. e3 g6 4. Be2 Bg7 5. h3 0-0 6. Nf3 c5 7. c3 Qb6 8. Qb3 c4 9. Qxb6 axb6 10. Nbd2 b5 11. a3 Nc6 12. 0-0 h6 13. Rfe1 g5 14. Bh2 Bf5 15. g4 Bg6 16. Ne5 Nxe5 17. Bxe5 Nd7 18. Bxg7 Kxg7 19. Bf3 Nb6 20. e4 e6 21. Nf1 dxe4 22. Bxe4 Bxe4 23. Rxe4 Nd5 24. Ng3 b4 25. cxb4 Nxb4 26. Rc1 Nd3 27. Rxc4 Nxb2 28. Rc2 Nd3 29. Nh5+ Kg6 30. Rc3 Nb2 31. Rb3 Nc4 32. Rxb7 Ra6 33. Re2 Rd8 34. Rc7 Rxd4 35. Rc8 Kh7 36. Rc7 Kg6 37. Rc2 Nd6 38. R7c3 Ne4 39. Rf3 Rda4 40. Rc8 Ra8 41. Rc7 Nd6 42. Rf6+ Kh7 43. Rxe6 1/2-1/2

[Event "ESP-chT2 Gr2"]
[Site "Granada"]
[Date "2010.08.05"]
[Round "2"]
[White "Sanchez Romero, Miguel Andres"]
[Black "Lopez Gonzalez, Daniel"]
[Result "0-1"]
[WhiteElo "2259"]
[BlackElo "2221"]
[PlyCount "78"]
[EventDate "2010.08.04"]
[EventType "team-tourn"]
[EventRounds "6"]
[EventCountry "ESP"]
[SourceTitle "CBM 137 Extra"]
[Source "ChessBase"]
[SourceDate "2010.09.01"]
[SourceVersion "1"]
[SourceVersionDate "2010.09.01"]
[SourceQuality "1"]

1. e4 c5 2. Nf3 a6 3. c4 Nc6 4. Nc3 e6 5. Be2 Nd4 6. 0-0 Ne7 7. Re1 Ng6 8. Bf1 Nxf3+ 9. Qxf3 Bd6 10. g3 Ne5 11. Qh5 g6 12. Qe2 g5 13. Bg2 Ng6 14. Qh5 Be5 15. d3 h6 16. Rf1 Qf6 17. Bd2 d6 18. Kh1 Bd7 19. Ne2 0-0-0 20. f4 gxf4 21. gxf4 Bxb2 22. e5 Qh4 23. Qxh4 Nxh4 24. Bxb7+ Kxb7 25. Rab1 Bc6+ 26. Kg1 Rhg8+ 27. Ng3 dxe5 28. Rxb2+ Ka8 29. Ba5 Rxd3 30. Rb6 Bb7 31. Rfb1 Rd7 32. fxe5 Nf3+ 33. Kf2 Nxe5 34. Ne4 Bxe4 35. Rxa6+ Ra7 36. Rxa7+ Kxa7 37. Bb6+ Ka6 38. Rb5 Nxc4 39. a4 Nxb6 0-1

[Event "ESP-chT2 Gr2"]
[Site "Burguillos"]
[Date "2009.08.06"]
[Round "2"]
[White "Reales Murto, Manuel Jose"]
[Black "Sanchez Romero, Miguel Andres"]
[Result "1/2-1/2"]
[WhiteElo "2303"]
[BlackElo "2259"]
[PlyCount "73"]
[EventDate "2009.08.05"]
[EventType "team-swiss"]
[EventRounds "6"]
[EventCountry "ESP"]
[SourceTitle "CBM 131 Extra"]
[Source "ChessBase"]
[SourceDate "2009.09.03"]
[SourceVersion "2"]
[SourceVersionDate "2009.09.16"]
[SourceQuality "1"]

1. e4 e5 2. Nf3 Nc6 3. Bb5 Nf6 4. 0-0 Bc5 5. Nxe5 Nxe4 6. Qe2 Nxe5 7. Qxe4 Qe7 8. Nc3 Ng6 9. Re1 c6 10. d4 Bb4 11. Bg5 Qxe4 12. Rxe4+ Kf8 13. Bd3 d5 14. Re2 f6 15. Bd2 Bd6 16. Rae1 Bd7 17. g3 Kf7 18. Na4 b5 19. Nc5 Bxc5 20. dxc5 Ne5 21. Kg2 Bg4 22. Rxe5 fxe5 23. Rxe5 g6 24. Rg5 Bd7 25. h4 Rhg8 26. Bc3 h6 27. Re5 Rae8 28. Rxe8 Rxe8 29. f3 Bf5 30. Kf2 Bxd3 31. cxd3 Ke6 32. d4 Kf5 33. Bd2 h5 34. b4 Ra8 35. a3 Re8 36. Bg5 Ra8 37. Bd2 1/2-1/2

[Event "Barbera del Valles op 32nd"]
[Site "Barbera del Valles"]
[Date "2009.07.10"]
[Round "7"]
[White "Alonso Moyano, Jonathan"]
[Black "Sanchez Romero, Miguel Andres"]
[Result "1-0"]
[WhiteElo "2365"]
[BlackElo "2251"]
[PlyCount "109"]
[EventDate "2009.07.04"]
[EventType "swiss"]
[EventRounds "9"]
[EventCountry "ESP"]
[SourceTitle "CBM 131 Extra"]
[Source "ChessBase"]
[SourceDate "2009.09.03"]
[SourceVersion "2"]
[SourceVersionDate "2009.09.16"]
[SourceQuality "1"]

1. e4 e5 2. Nc3 Nc6 3. g3 Bc5 4. Bg2 Nf6 5. Na4 d6 6. Ne2 0-0 7. d3 a6 8. Nxc5 dxc5 9. Be3 Qd6 10. 0-0 Be6 11. b3 Nd7 12. f4 f6 13. c3 Rad8 14. d4 cxd4 15. cxd4 exd4 16. Nxd4 Nxd4 17. Qxd4 Qxd4 18. Bxd4 Nb8 19. Bc5 Rfe8 20. h3 Rd3 21. g4 Red8 22. Rf2 Nc6 23. Kh2 a5 24. Rc1 Rd2 25. Rc2 Rxf2 26. Bxf2 Rd7 27. Bg3 Nd4 28. Rf2 c5 29. f5 Bf7 30. e5 fxe5 31. Bxe5 Bd5 32. Rd2 Bc6 33. Bxc6 bxc6 34. Kg2 Rd5 35. Bxd4 cxd4 36. Kf3 a4 37. b4 d3 38. Ke4 Rb5 39. a3 c5 40. bxc5 Rxc5 41. Rxd3 Rc4+ 42. Ke5 h6 43. f6 gxf6+ 44. Kxf6 Rc6+ 45. Kf5 Rb6 46. h4 Rb3 47. Rd4 Rxa3 48. Kg6 Kf8 49. Kxh6 Rh3 50. h5 a3 51. Ra4 Rh4 52. Ra8+ Kf7 53. g5 Rh3 54. g6+ Kf6 55. g7 1-0

[Event "Barbera del Valles op 32nd"]
[Site "Barbera del Valles"]
[Date "2009.07.09"]
[Round "6"]
[White "Sanchez Romero, Miguel Andres"]
[Black "Alonso Gonzalez, Carlos"]
[Result "1-0"]
[WhiteElo "2251"]
[BlackElo "2138"]
[PlyCount "51"]
[EventDate "2009.07.04"]
[EventType "swiss"]
[EventRounds "9"]
[EventCountry "ESP"]
[SourceTitle "CBM 131 Extra"]
[Source "ChessBase"]
[SourceDate "2009.09.03"]
[SourceVersion "2"]
[SourceVersionDate "2009.09.16"]
[SourceQuality "1"]

1. e4 g6 2. d4 Bg7 3. Nc3 d6 4. Be3 a6 5. a4 b6 6. Bc4 e6 7. Nf3 Ne7 8. Qd2 h6 9. 0-0 Nd7 10. Rfe1 Bb7 11. h3 g5 12. Nh2 Ng6 13. Bf1 0-0 14. f3 Qe7 15. Rad1 Rad8 16. Bc4 c5 17. d5 e5 18. Ne2 Nh4 19. Ng3 f5 20. Nxf5 Nxf5 21. exf5 Rxf5 22. Bd3 Rff8 23. h4 g4 24. Bxh6 Nf6 25. Qg5 Nxd5 26. Bc4 1-0

[Event "Barbera del Valles op 32nd"]
[Site "Barbera del Valles"]
[Date "2009.07.07"]
[Round "4"]
[White "Sanchez Romero, Miguel Andres"]
[Black "Colon Garcia, Enrique"]
[Result "0-1"]
[WhiteElo "2251"]
[BlackElo "2173"]
[PlyCount "112"]
[EventDate "2009.07.04"]
[EventType "swiss"]
[EventRounds "9"]
[EventCountry "ESP"]
[SourceTitle "CBM 131 Extra"]
[Source "ChessBase"]
[SourceDate "2009.09.03"]
[SourceVersion "2"]
[SourceVersionDate "2009.09.16"]
[SourceQuality "1"]

1. e4 c5 2. Nf3 Nc6 3. Bb5 g6 4. Bxc6 dxc6 5. h3 Bg7 6. Nc3 Nf6 7. d3 Nd7 8. Be3 e5 9. Qd2 Qe7 10. Bh6 f6 11. Nh2 Bxh6 12. Qxh6 Nf8 13. f4 exf4 14. Qxf4 Ne6 15. Qh4 Nd4 16. 0-0-0 Be6 17. Rhf1 Rf8 18. Ng4 f5 19. Qxe7+ Kxe7 20. exf5 gxf5 21. Ne5 Rg8 22. g4 Raf8 23. gxf5 Rxf5 24. Rxf5 Bxf5 25. Re1 Kf6 26. Ng4+ Bxg4 27. Ne4+ Kf7 28. hxg4 Rxg4 29. Nd6+ Kg6 30. c3 Nf3 31. Re6+ Kg5 32. Ne4+ Kf4 33. Rh6 c4 34. dxc4 Kxe4 35. Rxh7 Ne5 36. Kc2 Rg2+ 37. Kb3 Nd3 38. Rh4+ Ke5 39. Rd4 Rxb2+ 40. Ka3 Rd2 41. Rd7 Nb2 42. Rxb7 Nxc4+ 43. Ka4 Rxa2+ 44. Kb4 Rb2+ 45. Ka4 Ra2+ 46. Kb4 Kd5 47. Rd7+ Nd6 48. c4+ Ke6 49. Rc7 Ra6 50. Kc5 Ne4+ 51. Kd4 Nf6 52. Kc5 Nd7+ 53. Kb4 Kd6 54. Rb7 Rb6+ 55. Ka5 Rxb7 56. c5+ Kxc5 0-1

[Event "Barbera del Valles op 32nd"]
[Site "Barbera del Valles"]
[Date "2009.07.04"]
[Round "1"]
[White "Gonzalez Garcia, Jose"]
[Black "Sanchez Romero, Miguel Andres"]
[Result "1-0"]
[WhiteElo "2509"]
[BlackElo "2251"]
[PlyCount "77"]
[EventDate "2009.07.04"]
[EventType "swiss"]
[EventRounds "9"]
[EventCountry "ESP"]
[SourceTitle "CBM 131 Extra"]
[Source "ChessBase"]
[SourceDate "2009.09.03"]
[SourceVersion "2"]
[SourceVersionDate "2009.09.16"]
[SourceQuality "1"]

1. d4 d6 2. Nf3 Nf6 3. c4 g6 4. Nc3 Bg7 5. e4 0-0 6. Be2 e5 7. 0-0 Nc6 8. d5 Ne7 9. b4 Nh5 10. Re1 a5 11. bxa5 c5 12. Nd2 Nf4 13. Bf1 f5 14. a4 Rxa5 15. Nb5 Ra6 16. Ra3 fxe4 17. Nxe4 Bf5 18. g3 Nh5 19. Bb2 Bxe4 20. Rxe4 Nf6 21. Re1 Nf5 22. Bh3 Nd7 23. Bxf5 gxf5 24. f4 Kh8 25. Qa1 Rg8 26. fxe5 Nxe5 27. Nxd6 Qxd6 28. Bxe5 Bxe5 29. Rxe5 Qf6 30. Rxf5 Qd4+ 31. Qxd4+ cxd4 32. Rf4 Rga8 33. Rxd4 Rxa4 34. Rxa4 Rxa4 35. d6 Ra8 36. c5 Rd8 37. Rb4 Rd7 38. Rxb7 Rxb7 39. c6 1-0

[Event "Manises 2rd"]
[Site "Manises"]
[Date "2009.05.01"]
[Round "2"]
[White "Sanchez Romero, Miguel Andres"]
[Black "Valmana Canto, Jaime"]
[Result "1/2-1/2"]
[WhiteElo "2235"]
[BlackElo "2341"]
[PlyCount "130"]
[EventDate "2009.04.30"]
[EventType "tourn"]
[EventRounds "9"]
[EventCountry "ESP"]
[EventCategory "2"]
[SourceTitle "EXT 2010"]
[Source "ChessBase"]
[SourceDate "2010.11.25"]
[SourceVersion "1"]
[SourceVersionDate "2010.11.25"]
[SourceQuality "1"]

1. d4 e6 2. e4 d5 3. Nc3 Bb4 4. e5 c5 5. a3 Bxc3+ 6. bxc3 Qa5 7. Bd2 Qa4 8. Qb1 c4 9. Ne2 Nc6 10. Nf4 Bd7 11. Nh5 g6 12. Ng3 0-0-0 13. Be2 Qa5 14. 0-0 Nxd4 15. Bg5 Nxe2+ 16. Nxe2 Re8 17. Qb4 Qxb4 18. axb4 a6 19. Nd4 h6 20. Bh4 g5 21. Bg3 f5 22. exf6 Nxf6 23. Be5 Rhf8 24. f3 Rf7 25. Rfb1 Bb5 26. Ra5 b6 27. Nxb5 axb5 28. Ra6 Kb7 29. Rba1 Kc6 30. Ra8 Rxa8 31. Rxa8 d4 32. Bxd4 Nd5 33. Rh8 Nf4 34. Kf2 Ra7 35. g3 Nd5 36. Rxh6 Kd6 37. Ke2 Ra1 38. h4 gxh4 39. Rxh4 Rc1 40. Kd2 Rf1 41. f4 Ne7 42. Rh2 Rf3 43. Be5+ Kd5 44. g4 Ng6 45. g5 Nxe5 46. fxe5 Rg3 47. Rh7 Rxg5 48. Rd7+ Kxe5 49. Rb7 Kf4 50. Rxb6 Rg2+ 51. Kd1 e5 52. Rxb5 e4 53. Rb8 Rg1+ 54. Ke2 Rg2+ 55. Kd1 Ke3 56. Kc1 Kf2 57. Rf8+ Ke2 58. Rc8 e3 59. Rxc4 Kf3 60. Rc8 Rg1+ 61. Kb2 Rg4 62. Kc1 Rg1+ 63. Kb2 e2 64. Rf8+ Kg3 65. Rg8+ Kf2 1/2-1/2

[Event "Manises 2rd"]
[Site "Manises"]
[Date "2009.04.30"]
[Round "1"]
[White "Palencia Morales, Wilson Guillermo"]
[Black "Sanchez Romero, Miguel Andres"]
[Result "1/2-1/2"]
[WhiteElo "2322"]
[BlackElo "2235"]
[PlyCount "94"]
[EventDate "2009.04.30"]
[EventType "tourn"]
[EventRounds "9"]
[EventCountry "ESP"]
[EventCategory "2"]
[SourceTitle "EXT 2010"]
[Source "ChessBase"]
[SourceDate "2010.11.25"]
[SourceVersion "1"]
[SourceVersionDate "2010.11.25"]
[SourceQuality "1"]

1. e4 e5 2. d4 exd4 3. c3 d5 4. Qxd4 Nf6 5. exd5 Qxd5 6. Nf3 Bc5 7. Qxd5 Nxd5 8. Bc4 Nf6 9. Bf4 Bb6 10. a4 Nc6 11. 0-0 0-0 12. h3 h6 13. Na3 Bf5 14. Nb5 Rac8 15. Nbd4 Nxd4 16. Nxd4 Bxd4 17. cxd4 Rfd8 18. Rfc1 Nd5 19. Bd2 Nb6 20. Bb3 Rxd4 21. Be3 Rb4 22. Ra3 Be6 23. Bxe6 fxe6 24. b3 Nd5 25. Bc5 Rf4 26. Bxa7 Ra8 27. Be3 Nxe3 28. fxe3 Rf7 29. b4 Rd8 30. Rac3 c6 31. a5 Rd2 32. R1c2 Rd1+ 33. Kh2 Rb1 34. Rc4 Rf5 35. Re4 Rb5 36. a6 bxa6 37. Rxc6 R1xb4 38. Rexe6 a5 39. Rg6 Rb7 40. Ra6 Re4 41. Rg3 Rbe7 42. Rxh6 Rxe3 43. Rxe3 Rxe3 44. Ra6 Re5 45. Kg3 Rb5 46. Kh4 Kh7 47. Kg4 Rc5 1/2-1/2

[Event "Mislata op 16th"]
[Site "Mislata"]
[Date "2008.08.29"]
[Round "7"]
[White "Sanchez Romero, Miguel Andres"]
[Black "Arance Gonzalez, Luis"]
[Result "1-0"]
[WhiteElo "2259"]
[BlackElo "2121"]
[PlyCount "77"]
[EventDate "2008.08.25"]
[EventType "swiss"]
[EventRounds "9"]
[EventCountry "ESP"]
[SourceTitle "CBM 126 Extra"]
[Source "ChessBase"]
[SourceDate "2008.11.05"]
[SourceVersion "1"]
[SourceVersionDate "2008.11.05"]
[SourceQuality "1"]

1. e4 d5 2. exd5 Qxd5 3. Nc3 Qa5 4. Bc4 Nf6 5. d3 c6 6. Bd2 Qc7 7. Qe2 Bf5 8. Nf3 e6 9. h3 Nbd7 10. Nd4 Qe5 11. Nxf5 Qxe2+ 12. Nxe2 exf5 13. Ng3 b5 14. Bb3 g6 15. 0-0 a5 16. Rfe1+ Be7 17. Re2 Nc5 18. Rae1 Ra7 19. Bc3 Kf8 20. Bd4 a4 21. Rxe7 Rxe7 22. Bxc5 Ng8 23. Bxa4 bxa4 24. Re5 Ke8 25. Bxe7 Nxe7 26. Ra5 Kd7 27. Rxa4 Rb8 28. b3 Nd5 29. Ne2 Rb7 30. Kf1 Ke6 31. Nf4+ Nxf4 32. Rxf4 Kd5 33. Rc4 Ra7 34. a4 Re7 35. b4 Ra7 36. a5 Re7 37. c3 Re8 38. Rc5+ Kd6 39. a6 1-0

[Event "Mislata op 16th"]
[Site "Mislata"]
[Date "2008.08.28"]
[Round "5"]
[White "Huguet, Solidat"]
[Black "Sanchez Romero, Miguel Andres"]
[Result "1/2-1/2"]
[WhiteElo "2109"]
[BlackElo "2259"]
[PlyCount "122"]
[EventDate "2008.08.25"]
[EventType "swiss"]
[EventRounds "9"]
[EventCountry "ESP"]
[SourceTitle "CBM 126 Extra"]
[Source "ChessBase"]
[SourceDate "2008.11.05"]
[SourceVersion "1"]
[SourceVersionDate "2008.11.05"]
[SourceQuality "1"]

1. e4 e5 2. Nf3 Nc6 3. d4 exd4 4. Nxd4 Bc5 5. Be3 Qf6 6. c3 Nge7 7. Bc4 Ne5 8. Be2 Qg6 9. 0-0 d6 10. Bh5 Qxe4 11. Nd2 Qh4 12. Nb5 0-0 13. Bxc5 dxc5 14. Nxc7 Rb8 15. Re1 Bg4 16. f3 Qxh5 17. fxg4 Qg5 18. Ne4 Qf4 19. Qe2 Nxg4 20. Ng3 Nf5 21. Nd5 Nxg3 22. Nxf4 Nxe2+ 23. Rxe2 Rfe8 24. Rae1 Kf8 25. Nd3 Rxe2 26. Rxe2 Rd8 27. Nf2 Nxf2 28. Kxf2 Rd6 29. c4 Rf6+ 30. Kg3 Rg6+ 31. Kf3 Rf6+ 32. Kg3 Re6 33. Rd2 Ke7 34. h4 Rd6 35. Re2+ Re6 36. Rd2 Re4 37. b3 b6 38. Kh3 h5 39. g3 g6 40. Kg2 Re6 41. Rf2 Re1 42. Rd2 a5 43. Kf2 Rc1 44. Re2+ Kf6 45. Rd2 Ke6 46. Re2+ Kf5 47. Re7 f6 48. Rb7 Rc2+ 49. Kf3 a4 50. Rxb6 Rxa2 51. b4 Ra3+ 52. Kf2 Rc3 53. bxc5 Rxc4 54. Ra6 Ke5 55. c6 Kd6 56. Kg2 Kc7 57. Kf2 Rb4 58. Kg2 Rb2+ 59. Kf3 Rb4 60. Kg2 Rb6 61. Rxa4 Kxc6 1/2-1/2

[Event "Barbera del Valles op 31st"]
[Site "Barbera del Valles"]
[Date "2008.07.10"]
[Round "6"]
[White "Esquivel Golcher, Luis Enrique"]
[Black "Sanchez Romero, Miguel Andres"]
[Result "1-0"]
[WhiteElo "2178"]
[BlackElo "2259"]
[PlyCount "91"]
[EventDate "2008.07.04"]
[EventType "swiss"]
[EventRounds "9"]
[EventCountry "ESP"]
[SourceTitle "CBM 125 Extra"]
[Source "ChessBase"]
[SourceDate "2008.09.01"]
[SourceVersion "1"]
[SourceVersionDate "2008.09.01"]
[SourceQuality "1"]

1. e4 e5 2. Nf3 Nc6 3. Bc4 Nf6 4. d3 Be7 5. c3 0-0 6. Bb3 d5 7. Qe2 d4 8. 0-0 Bc5 9. h3 Qd6 10. Nbd2 b5 11. a4 b4 12. Nc4 Qe7 13. cxd4 Nxd4 14. Nxd4 Bxd4 15. Ne3 Ba6 16. Bc4 Bxc4 17. Nf5 Qe6 18. dxc4 Rad8 19. Bg5 Rd7 20. Kh1 h6 21. Bh4 Kh7 22. Rad1 Rfd8 23. b3 Qc6 24. f3 g5 25. Be1 Nh5 26. Bxb4 Qb6 27. Bd2 Qxb3 28. f4 Nxf4 29. Bxf4 exf4 30. Rxd4 Qxa4 31. Qh5 Qa6 32. Rd6 Qxd6 33. Nxd6 cxd6 34. Qg4 Re7 35. Qf5+ Kg7 36. Rd1 f6 37. Rd5 Rc7 38. c5 Rxc5 39. Rxc5 dxc5 40. Qxc5 Rd1+ 41. Kh2 Rd7 42. h4 g4 43. Qf5 g3+ 44. Kh3 Re7 45. h5 Re5 46. Qg6+ 1-0

[Event "Barbera del Valles op 31st"]
[Site "Barbera del Valles"]
[Date "2008.07.08"]
[Round "4"]
[White "Ortega Serra, Marc"]
[Black "Sanchez Romero, Miguel Andres"]
[Result "1/2-1/2"]
[WhiteElo "1974"]
[BlackElo "2259"]
[PlyCount "80"]
[EventDate "2008.07.04"]
[EventType "swiss"]
[EventRounds "9"]
[EventCountry "ESP"]
[SourceTitle "CBM 125 Extra"]
[Source "ChessBase"]
[SourceDate "2008.09.01"]
[SourceVersion "1"]
[SourceVersionDate "2008.09.01"]
[SourceQuality "1"]

1. d4 Nf6 2. c4 g6 3. Nc3 Bg7 4. e4 d6 5. f4 0-0 6. Nf3 c5 7. d5 e6 8. dxe6 fxe6 9. Bd3 Nc6 10. 0-0 Nd4 11. Nxd4 cxd4 12. Nb5 a6 13. Na3 Nd7 14. b4 a5 15. Bd2 axb4 16. Bxb4 Nc5 17. Nb5 b6 18. g3 Bb7 19. Re1 e5 20. Bxc5 bxc5 21. f5 gxf5 22. exf5 Qd7 23. Qh5 e4 24. Bxe4 Bxe4 25. Rxe4 Rxf5 26. Qg4 Raf8 27. Rae1 d5 28. Re6 Qf7 29. Re7 Qg6 30. Qxg6 hxg6 31. Nd6 dxc4 32. Nxc4 d3 33. Rd7 Bd4+ 34. Kg2 Rf2+ 35. Kh3 Rc2 36. Nd6 d2 37. Re6 Rf6 38. Re8+ Rf8 39. Re6 Rf6 40. Re8+ Rf8 1/2-1/2

[Event "Pamplona op"]
[Site "Pamplona"]
[Date "2007.12.26"]
[Round "5"]
[White "Sanchez Romero, Miguel Andres"]
[Black "Lafuente, Pablo"]
[Result "0-1"]
[WhiteElo "2252"]
[BlackElo "2489"]
[PlyCount "96"]
[EventDate "2007.12.22"]
[EventType "swiss"]
[EventRounds "9"]
[EventCountry "ESP"]
[SourceTitle "CBM 121 Extra"]
[Source "ChessBase"]
[SourceDate "2008.01.10"]
[SourceVersion "1"]
[SourceVersionDate "2008.01.10"]
[SourceQuality "1"]

1. e4 c6 2. d4 d5 3. Nc3 dxe4 4. Nxe4 Nd7 5. Nf3 Ngf6 6. Nxf6+ Nxf6 7. Ne5 Be6 8. Be2 g6 9. 0-0 Bg7 10. c4 0-0 11. Be3 Ne8 12. Nf3 Nd6 13. d5 cxd5 14. cxd5 Bg4 15. Bd4 Bxf3 16. Bxf3 Bxd4 17. Qxd4 Qa5 18. a3 Rfc8 19. Rac1 Qb6 20. Qxb6 axb6 21. Bg4 Rc5 22. Rxc5 bxc5 23. Rc1 Ra4 24. Be2 b6 25. Bd1 Rd4 26. Bf3 Rd2 27. b3 Rb2 28. Bd1 Ne4 29. Bf3 Nd2 30. b4 cxb4 31. axb4 Rxb4 32. h3 Rb1 33. Rxb1 Nxb1 34. Bd1 Kg7 35. Kf1 Nc3 36. Bb3 Kf6 37. f4 Kf5 38. g3 Ke4 39. d6 exd6 40. Bxf7 Kf3 41. Bg8 h6 42. h4 Kxg3 43. h5 gxh5 44. f5 Ne4 45. Bd5 Nf6 46. Bc4 h4 47. Kg1 h3 48. Kh1 h2 0-1

[Event "Barbera del Valles op 29th"]
[Site "Barbera del Valles"]
[Date "2006.07.09"]
[Round "5"]
[White "Sanchez Romero, Miguel Andres"]
[Black "Fabregas Fernandez, Bernat"]
[Result "1-0"]
[WhiteElo "2211"]
[BlackElo "2197"]
[PlyCount "131"]
[EventDate "2006.07.05"]
[EventType "swiss"]
[EventRounds "9"]
[EventCountry "ESP"]
[SourceTitle "CBM 113 Extra"]
[Source "ChessBase"]
[SourceDate "2006.09.14"]
[SourceVersion "1"]
[SourceVersionDate "2006.09.14"]
[SourceQuality "1"]

1. e4 c5 2. Nf3 d6 3. Bb5+ Bd7 4. Bxd7+ Qxd7 5. 0-0 Nf6 6. Qe2 Nc6 7. c3 g6 8. d4 Bg7 9. d5 Ne5 10. Nxe5 dxe5 11. Na3 0-0 12. f3 Ne8 13. Be3 Rc8 14. Nc4 Nd6 15. a4 f5 16. Nxd6 exd6 17. Rfc1 a6 18. b3 Bf6 19. a5 Qe7 20. b4 Bg5 21. Rab1 Bxe3+ 22. Qxe3 Qd7 23. Qe2 c4 24. Rc2 fxe4 25. fxe4 Rf4 26. Rf1 Qf7 27. g3 Rxf1+ 28. Qxf1 Qd7 29. Rf2 Qe7 30. Rf6 Kg7 31. Rf3 Rc7 32. Qh3 h5 33. Qf1 Qg5 34. h4 Qg4 35. Kh2 Qd7 36. Rf8 Qe7 37. Rb8 Rd7 38. Kg2 Rd8 39. Rxd8 Qxd8 40. Qxc4 g5 41. hxg5 Kg6 42. Qd3 Qxg5 43. Qf3 Kg7 44. Kh3 Qh6 45. Kh4 Qd2 46. Kxh5 Qh2+ 47. Kg4 Qd2 48. Qf5 Qd1+ 49. Kh4 Qh1+ 50. Qh3 Qe1 51. Qd7+ Kg8 52. Qe8+ Kg7 53. Qe7+ Kg8 54. Qg5+ Kf7 55. Qf5+ Kg7 56. Qg4+ Kf7 57. Qf3+ Ke7 58. Kg5 Kd7 59. Qf7+ Kc8 60. Qe6+ Kb8 61. Qxd6+ Ka8 62. Qxe5 Qd2+ 63. Kf5 Qh6 64. g4 Qf8+ 65. Qf6 Qc8+ 66. Kf4 1-0

[Event "Barbera del Valles op 29th"]
[Site "Barbera del Valles"]
[Date "2006.07.07"]
[Round "3"]
[White "Macaya Ruiz, Alfonso"]
[Black "Sanchez Romero, Miguel Andres"]
[Result "0-1"]
[WhiteElo "2051"]
[BlackElo "2211"]
[PlyCount "81"]
[EventDate "2006.07.05"]
[EventType "swiss"]
[EventRounds "9"]
[EventCountry "ESP"]
[SourceTitle "CBM 113 Extra"]
[Source "ChessBase"]
[SourceDate "2006.09.14"]
[SourceVersion "1"]
[SourceVersionDate "2006.09.14"]
[SourceQuality "1"]

1. d4 Nf6 2. c4 g6 3. Nc3 Bg7 4. e4 d6 5. f4 0-0 6. Bd3 e5 7. fxe5 dxe5 8. d5 Nh5 9. Nf3 c6 10. Be3 Nf4 11. 0-0 Nd7 12. Kh1 h6 13. Qd2 cxd5 14. cxd5 Nxd3 15. Qxd3 f5 16. Rfd1 Nf6 17. Rac1 fxe4 18. Nxe4 Nxe4 19. Qxe4 Bf5 20. Qh4 e4 21. Qxd8 Rfxd8 22. Nd4 Rxd5 23. Nxf5 Rxd1+ 24. Rxd1 gxf5 25. Rd7 b6 26. Bd4 Bxd4 27. Rxd4 Kf7 28. g4 Ke6 29. gxf5+ Kxf5 30. Kg2 Kf4 31. Rd2 Rg8+ 32. Kf1 Kf3 33. Rf2+ Ke3 34. Rf6 Rc8 35. Rxh6 Rc1+ 36. Kg2 Rc2+ 37. Kg1 Rxb2 38. Rh3+ Kf4 39. Ra3 a5 40. h4 e3 41. Ra4+ 0-1

[Event "Mislata op 13th"]
[Site "Mislata"]
[Date "2005.08.26"]
[Round "9"]
[White "Sanchez Romero, Miguel Andres"]
[Black "Vallejo Diaz, Javier"]
[Result "1/2-1/2"]
[WhiteElo "2197"]
[BlackElo "2156"]
[PlyCount "122"]
[EventDate "2005.08.18"]
[EventType "swiss"]
[EventRounds "9"]
[EventCountry "ESP"]
[SourceTitle "CBM 107 Extra"]
[Source "ChessBase"]
[SourceDate "2005.09.01"]
[SourceVersion "1"]
[SourceVersionDate "2005.09.01"]
[SourceQuality "1"]

1. d4 d5 2. Bg5 Nd7 3. e3 Ngf6 4. Bd3 b6 5. Nd2 Bb7 6. f4 e6 7. Ngf3 Be7 8. Ne5 0-0 9. 0-0 Ne4 10. Bxe7 Qxe7 11. Ndf3 f6 12. Nxd7 Qxd7 13. Qe1 c5 14. c3 Bc6 15. Qe2 Rfe8 16. Rac1 Nd6 17. Rfd1 c4 18. Bb1 b5 19. Kh1 a5 20. Rg1 Rab8 21. g4 b4 22. g5 f5 23. Ne5 Qc7 24. Rg3 Re7 25. Rh3 Be8 26. Qf2 g6 27. Rh6 Rb6 28. h4 Qb7 29. Bc2 bxc3 30. bxc3 Rb2 31. h5 Rg7 32. hxg6 Bxg6 33. a4 Ra2 34. Qe1 Nf7 35. Rb1 Rb2 36. Rxb2 Qxb2 37. Rh2 Nxe5 38. dxe5 Qb6 39. Qd2 Rb7 40. Rf2 Qc6 41. Qd4 Qb6 42. Kg2 Qxd4 43. exd4 Rb2 44. Bd1 Rb1 45. Bf3 Be8 46. Ra2 Rb3 47. Rc2 Kf8 48. Kf2 Bxa4 49. Ra2 Bd7 50. Rxa5 Rxc3 51. Ra8+ Ke7 52. Rh8 Rc2+ 53. Kg3 Be8 54. Rxh7+ Kd8 55. Rh8 c3 56. Bh5 Rg2+ 57. Kxg2 c2 58. g6 c1Q 59. Rxe8+ Kd7 60. g7 Qd2+ 61. Kg3 Qe3+ 1/2-1/2

[Event "Mislata op 13th"]
[Site "Mislata"]
[Date "2005.08.20"]
[Round "3"]
[White "Ortega Hermida, Daniel"]
[Black "Sanchez Romero, Miguel Andres"]
[Result "1-0"]
[WhiteElo "2396"]
[BlackElo "2197"]
[PlyCount "68"]
[EventDate "2005.08.18"]
[EventType "swiss"]
[EventRounds "9"]
[EventCountry "ESP"]
[SourceTitle "CBM 107 Extra"]
[Source "ChessBase"]
[SourceDate "2005.09.01"]
[SourceVersion "1"]
[SourceVersionDate "2005.09.01"]
[SourceQuality "1"]

1. d4 Nf6 2. Nf3 g6 3. g3 Bg7 4. Bg2 0-0 5. 0-0 d6 6. c4 Nbd7 7. Nc3 e5 8. e4 exd4 9. Nxd4 Re8 10. h3 a6 11. Be3 Rb8 12. b3 c5 13. Nde2 b5 14. Qxd6 b4 15. Na4 Nxe4 16. Bxe4 Bxa1 17. Rxa1 Rxe4 18. Nxc5 Rxe3 19. fxe3 Rb6 20. Qd4 Qf6 21. Ne4 Qe5 22. c5 Rc6 23. Rd1 f5 24. Nd6 Qxc5 25. Nxc8 Rxc8 26. Qxd7 Qxe3+ 27. Kf1 Qf3+ 28. Ke1 Qh1+ 29. Kf2 Qh2+ 30. Kf3 Rf8 31. Qe6+ Kg7 32. Rd7+ Kh6 33. Qe7 Qh1+ 34. Kf2 Qh2+ 1-0